[Event "Olomouc Chess Summer 2011 - Seniors Open"]
[Site "Olomouc (CZE), Hotel Sigma"]
[Date "2011.08.05"]
[Round "2.2"]
[White "Perik, Alois"]
[Black "Sejkora, Vlastimil"]
[Result "0-1"]
[WhiteElo "1900"]
[BlackElo "2212"]
[PlyCount "66"]
[EventDate "2011.08.04"]

1. c4 g6 2. Nc3 Bg7 3. g3 d6 4. Bg2 Nf6 5. Nf3 O-O 6. d4 Nc6 7. O-O a6 8. b3
Bd7 9. Bb2 Rb8 10. d5 Na5 11. Qd2 c5 12. dxc6 bxc6 13. Rad1 Qc7 14. e4 c5 15.
Rfe1 Rfd8 16. Nd5 Nxd5 17. Bxg7 Kxg7 18. exd5 Bg4 19. Qg5 Bxf3 20. Rxe7 Qxe7
21. Qxe7 Bxd1 22. Qe1 Bxb3 23. Qxa5 Bd1 24. Qd2 Rb1 25. h4 Re8 26. Kh2 Re2 27.
Qd3 Rbb2 28. Qxd1 Rxf2 29. Qd3 Rxg2+ 30. Kh1 Rgd2 31. Qc3+ f6 32. Qc1 Rh2+ 33.
Kg1 Rbg2+ 0-1

[Event "Olomouc Chess Summer 2011 - Seniors Open"]
[Site "Olomouc (CZE), Hotel Sigma"]
[Date "2011.08.05"]
[Round "2.3"]
[White "Travnicek, Petr"]
[Black "Chrenko, Peter"]
[Result "1-0"]
[WhiteElo "2166"]
[BlackElo "1907"]
[PlyCount "51"]
[EventDate "2011.08.04"]

1. d4 Nf6 2. Nf3 g6 3. Bf4 d6 4. e3 Bg7 5. h3 c6 6. Nbd2 Qa5 7. c3 O-O 8. Be2
Bf5 9. O-O Ne4 10. Nc4 Qc7 11. a4 Nd7 12. Bd3 Nb6 13. Nxb6 Qxb6 14. Qc2 d5 15.
a5 Qd8 16. g4 Bd7 17. Bxe4 dxe4 18. Ng5 e5 19. dxe5 Bxe5 20. Qxe4 Bf6 21. Nf3
Qc8 22. Be5 Re8 23. Qf4 Bxe5 24. Nxe5 Be6 25. Rfd1 Qc7 26. Nxg6 1-0